[Event "3rd Al Ain Chess Classic"]
[Site "Al-Ain UAE"]
[Date "2014.12.20"]
[Round "2.26"]
[White "Thakur, Akash"]
[Black "Rahman, Ziaur"]
[Result "0-1"]
[WhiteTitle "FM"]
[BlackTitle "GM"]
[WhiteElo "2302"]
[BlackElo "2511"]
[WhiteFideId "5008514"]
[BlackFideId "10200037"]
[EventDate "2014.12.19"]

1. e4 d6 2. d4 Nf6 3. Nc3 g6 4. Nf3 Bg7 5. Be3 a6 6. a4 O-O 7. h3 b6 8. Be2 Bb7
9. Nd2 e5 10. dxe5 dxe5 11. Bf3 Nc6 12. Nb3 Qe7 13. Qe2 a5 14. Bg5 Nb4 15. O-O-O
h6 16. Bh4 Qe6 17. Qe3 Ne8 18. Nb5 Ba6 19. Be2 Bxb5 20. Bxb5 Nd6 21. Bf1 Rfb8
22. f3 Qe8 23. Rxd6 cxd6 24. Bb5 Qe6 25. c4 Rc8 26. Kb1 Rxc4 27. Bxc4 Qxc4 28.
Rc1 Qe6 29. Be1 d5 30. exd5 Nxd5 31. Qe4 Rd8 32. Qc4 Qf5+ 33. Ka2 Qf6 34. Qc6
Qg5 35. Ka1 Qxg2 36. Nxa5 bxa5 37. Bxa5 Rb8 0-1

[Event "3rd Al Ain Chess Classic"]
[Site "Al-Ain UAE"]
[Date "2014.12.20"]
[Round "2.27"]
[White "Abasov, Nijat"]
[Black "Kursova, Maria"]
[Result "1-0"]
[WhiteTitle "GM"]
[BlackTitle "WGM"]
[WhiteElo "2509"]
[BlackElo "2305"]
[WhiteFideId "13402960"]
[BlackFideId "4129709"]
[EventDate "2014.12.19"]

1. d4 Nf6 2. c4 e6 3. Nf3 b6 4. g3 Ba6 5. Qb3 Nc6 6. Nbd2 Na5 7. Qa4 Bb7 8. Bg2
c5 9. dxc5 bxc5 10. O-O Be7 11. Rd1 O-O 12. e4 d6 13. e5 Bc6 14. Qc2 dxe5 15.
Nxe5 Bxg2 16. Kxg2 Qc7 17. Ndf3 Nc6 18. Qe2 Bd6 19. Nxc6 Qxc6 20. Kg1 h6 21. b3
Rfd8 22. Bb2 Be7 23. Ne5 Qb7 24. Bc3 Rxd1+ 25. Rxd1 a5 26. Qc2 Qe4 27. Rd3 h5
28. h4 Bd6 29. Nf3 a4 30. bxa4 Bc7 31. Bxf6 1-0

[Event "3rd Al Ain Chess Classic"]
[Site "Al-Ain UAE"]
[Date "2014.12.20"]
[Round "2.28"]
[White "Gasimov, Parviz"]
[Black "Grover, Sahaj"]
[Result "0-1"]
[WhiteTitle "CM"]
[BlackTitle "GM"]
[WhiteElo "2295"]
[BlackElo "2505"]
[WhiteFideId "13408798"]
[BlackFideId "5021103"]
[EventDate "2014.12.19"]

1. e4 e5 2. Nf3 Nc6 3. d4 exd4 4. Nxd4 Bb4+ 5. c3 Bc5 6. Be3 Bb6 7. Nf5 g6 8.
Bxb6 axb6 9. Ne3 Nf6 10. Nd2 d5 11. exd5 Nxd5 12. Ndc4 Be6 13. Nxd5 Bxd5 14. Qd2
Qe7+ 15. Qe3 Qxe3+ 16. fxe3 O-O-O 17. O-O-O Rhe8 18. Re1 f5 19. Nd2 Re7 20. c4
Bf7 21. Nf3 Ne5 22. Nxe5 Rxe5 23. Kc2 f4 24. e4 Rd4 25. b3 b5 26. Kc3 Rdxe4 27.
Rxe4 Rxe4 28. Bd3 Re3 29. Rf1 bxc4 30. bxc4 g5 31. Kd2 Bg6 32. Bxg6 hxg6 33. h4
Ra3 34. hxg5 Rxa2+ 35. Kc3 Rxg2 36. Rxf4 Rxg5 37. Rf8+ Kd7 38. Rf7+ Kd6 39. Kb4
Rf5 40. Rg7 Rf6 41. Kb5 b6 42. Rg8 Rf5+ 43. Kb4 g5 44. Rg6+ Ke5 45. Rg7 Kf4 46.
Rxc7 g4 47. Ra7 g3 48. Ra2 Kf3 49. Ra3+ Kf4 50. Ra2 Rg5 0-1

[Event "3rd Al Ain Chess Classic"]
[Site "Al-Ain UAE"]
[Date "2014.12.20"]
[Round "2.29"]
[White "Mammadov, Zaur"]
[Black "Abdulla, Khayala"]
[Result "1-0"]
[WhiteTitle "IM"]
[BlackTitle "WIM"]
[WhiteElo "2505"]
[BlackElo "2299"]
[WhiteFideId "13401033"]
[BlackFideId "13401807"]
[EventDate "2014.12.19"]

1. e4 c5 2. c3 e6 3. d4 d5 4. e5 Nc6 5. Nf3 Bd7 6. Na3 Nge7 7. Nc2 cxd4 8. cxd4
Nf5 9. Bd3 Nb4 10. Nxb4 Bxb4+ 11. Bd2 Bxd2+ 12. Qxd2 Nh4 13. Nxh4 Qxh4 14. Qb4
Bc6 15. O-O Qe7 16. Qb3 O-O 17. Rac1 f6 18. Qc2 h6 19. Qd2 Qc7 20. Rfe1 Qb6 21.
Bb1 f5 22. Rc3 Rac8 23. Rg3 Kh7 24. Rb3 Qd8 25. g4 Qh4 26. gxf5 exf5 27. Rg3 Be8
28. Qb4 Bc6 29. Qd6 Qh5 30. e6 Rce8 31. Qc7 Rg8 32. Bc2 Ref8 33. Kh1 Qh4 34. e7
Rf7 35. Re6 Qxd4 36. Rxc6 Qxf2 37. Rcc3 Re8 38. Rcf3 Qe1+ 39. Rg1 Qe6 40. Qxb7
Rexe7 41. Qb3 g6 42. Rfg3 Rf6 43. Qc3 d4 44. Qxd4 Qc6+ 45. R3g2 Rd6 46. Qc3 Qb7
47. Qg3 1-0

[Event "3rd Al Ain Chess Classic"]
[Site "Al-Ain UAE"]
[Date "2014.12.20"]
[Round "2.30"]
[White "Galojan, Lilit"]
[Black "Ankit, R. Rajpara"]
[Result "1/2-1/2"]
[WhiteTitle "IM"]
[BlackTitle "GM"]
[WhiteElo "2275"]
[BlackElo "2494"]
[WhiteFideId "13301314"]
[BlackFideId "5023335"]
[EventDate "2014.12.19"]

1. Nf3 d5 2. g3 c6 3. Bg2 Bg4 4. O-O Nd7 5. d3 Ngf6 6. c4 dxc4 7. dxc4 e5 8. Nc3
Be7 9. Qc2 O-O 10. Rd1 Qc7 11. Bd2 Rfe8 12. Be1 Bf8 13. h3 Bh5 14. Nh4 Nc5 15.
b4 Ne6 16. Qb2 g5 17. Nf5 Bg6 18. Ne3 Nd4 19. a3 Rad8 20. c5 h6 21. Rd2 e4 22.
Rad1 Ne6 23. Nc4 Bg7 24. Rxd8 Nxd8 25. Nd6 Re7 26. Qd2 e3 27. fxe3 Ne6 28. e4 b6
29. Bf2 bxc5 30. bxc5 Nd7 31. Na4 Ne5 32. Rb1 Rd7 33. Qb4 Bf8 34. Nf5 Rd8 35.
Qc3 Bh5 36. Bf1 Bg6 37. Bg2 Bh5 38. Bf1 Bg6 39. Nb2 Rb8 40. Rc1 Nxc5 41. Nd3
Nxe4 42. Qxe5 Qxe5 43. Nxh6+ Bxh6 44. Nxe5 Nxf2 45. Nxg6 1/2-1/2

[Event "3rd Al Ain Chess Classic"]
[Site "Al-Ain UAE"]
[Date "2014.12.20"]
[Round "2.31"]
[White "Bajarani, Ulvi"]
[Black "Mohannad, Farhan"]
[Result "1-0"]
[WhiteTitle "GM"]
[BlackTitle "FM"]
[WhiteElo "2494"]
[BlackElo "2281"]
[WhiteFideId "13403028"]
[BlackFideId "8100918"]
[EventDate "2014.12.19"]

1. e4 e6 2. d4 d5 3. Nc3 Nf6 4. e5 Nfd7 5. f4 c5 6. Nf3 Nc6 7. Be3 a6 8. Qd2 b5
9. Be2 Qb6 10. O-O cxd4 11. Nxd4 Bc5 12. Rad1 g5 13. g3 h5 14. a3 h4 15. Bf3
hxg3 16. hxg3 gxf4 17. gxf4 Bb7 18. Nce2 Qd8 19. Bg2 Qh4 20. Nf3 Qg4 21. Ned4
Rg8 22. Rf2 Be7 23. Nxc6 Bxc6 24. b4 d4 25. Nxd4 Bh4 26. Re2 Bd5 27. c4 bxc4 28.
Kf1 c3 29. Qc2 Bc4 30. Rd3 Bxd3 31. Qxd3 Rd8 32. Qxc3 Qg6 33. f5 Qg3 34. Qc6
Qxe5 35. fxe6 fxe6 36. Bf2 Qg7 37. Bxh4 1-0

[Event "3rd Al Ain Chess Classic"]
[Site "Al-Ain UAE"]
[Date "2014.12.20"]
[Round "2.32"]
[White "Safranska, Anda"]
[Black "Shyam, Sundar M."]
[Result "1/2-1/2"]
[WhiteTitle "WGM"]
[BlackTitle "GM"]
[WhiteElo "2267"]
[BlackElo "2484"]
[WhiteFideId "11600209"]
[BlackFideId "5019141"]
[EventDate "2014.12.19"]

1. e4 e5 2. Bc4 Nf6 3. d3 Nc6 4. Nf3 Bc5 5. O-O O-O 6. Be3 d6 7. c3 Qe7 8. Re1
Bg4 9. h3 Bh5 10. Nbd2 Bxe3 11. Rxe3 Rad8 12. Qe1 Bxf3 13. Nxf3 Nh5 14. d4 Nf4
15. Rd1 Qf6 16. Bf1 Qh6 17. Kh2 exd4 18. cxd4 d5 19. e5 Ne6 20. Rb3 b6 21. Rc3
Ne7 22. b4 c6 23. Qe3 Qxe3 24. fxe3 Rd7 25. Bd3 Ra8 26. Rb1 Kf8 27. g4 h6 28.
Kg3 g6 29. h4 Kg7 30. a4 Rb8 31. Rb2 Rc8 32. Rbc2 Rb8 33. Rb2 Rc8 34. Rbc2 Rb8
35. Rb2 Rc8 36. Rbc2 1/2-1/2

[Event "3rd Al Ain Chess Classic"]
[Site "Al-Ain UAE"]
[Date "2014.12.20"]
[Round "2.33"]
[White "Arun Prasad, S."]
[Black "Nasri, Amin"]
[Result "1/2-1/2"]
[WhiteTitle "GM"]
[WhiteElo "2482"]
[BlackElo "2275"]
[WhiteFideId "5011167"]
[BlackFideId "12501972"]
[EventDate "2014.12.19"]

1. d4 Nf6 2. c4 e6 3. Nf3 d5 4. Nc3 Be7 5. Qc2 O-O 6. Bg5 b6 7. Bxf6 Bxf6 8. e4
dxe4 9. Qxe4 c6 10. Bd3 g6 11. O-O-O Bb7 12. h4 Qe7 13. h5 c5 14. Qg4 cxd4 15.
hxg6 hxg6 16. Nxd4 Nc6 17. Nxc6 Bxc6 18. Ne4 Bxe4 19. Qxe4 Rad8 20. Be2 Bxb2+
21. Kxb2 Qb4+ 1/2-1/2

[Event "3rd Al Ain Chess Classic"]
[Site "Al-Ain UAE"]
[Date "2014.12.20"]
[Round "2.35"]
[White "Sandipan, Chanda"]
[Black "Puranik, Abhimanyu"]
[Result "1-0"]
[WhiteTitle "GM"]
[BlackTitle "CM"]
[WhiteElo "2599"]
[BlackElo "2255"]
[WhiteFideId "5004225"]
[BlackFideId "5061245"]
[EventDate "2014.12.19"]

1. d4 Nf6 2. Bg5 g6 3. Bxf6 exf6 4. c4 Bg7 5. Nc3 d6 6. g3 c6 7. Bg2 f5 8. e3
O-O 9. Nge2 Nd7 10. O-O Re8 11. Rc1 a5 12. Qd3 Nf6 13. Rfd1 h5 14. h4 Qe7 15. a3
Qc7 16. b4 axb4 17. axb4 Bd7 18. c5 d5 19. b5 Ra5 20. b6 Qb8 21. Ra1 Qa8 22. Qb1
Rxa1 23. Qxa1 Ne4 24. Qxa8 Rxa8 25. Bh3 Nxc3 26. Nxc3 Ra3 27. Rc1 Be6 28. Kf1
Bh6 29. Ke2 f6 30. Kd3 Kf7 31. f4 Ke7 32. Bf1 Bf8 33. Kc2 Kd8 34. Kb2 Ra5 35.
Bd3 Bf7 36. Nb1 Bh6 37. Nd2 Kc8 38. Kb3 Be8 39. Bb1 Kb8 40. Kb4 Rb5+ 41. Ka4 Rb2
42. Bc2 Ra2+ 43. Kb3 Ra5 44. Bd3 Bf8 45. Kb2 Kc8 46. Nb1 Kb8 47. Nc3 Kc8 48. Bc2
Be7 49. Bb3 Bd7 50. Re1 Bf8 51. Nxd5 cxd5 52. Bxd5 Be8 53. Ra1 Rb5+ 54. Kc3 Kb8
55. Ra7 Bc6 56. Bxc6 bxc6 57. Kc4 Rb1 58. Rf7 Rc1+ 59. Kb4 Rb1+ 60. Kc3 1-0

[Event "3rd Al Ain Chess Classic"]
[Site "Al-Ain UAE"]
[Date "2014.12.20"]
[Round "2.36"]
[White "Aliyev, Elnur"]
[Black "Mamedov, Rauf"]
[Result "0-1"]
[BlackTitle "GM"]
[WhiteElo "2141"]
[BlackElo "2658"]
[WhiteFideId "13402617"]
[BlackFideId "13401653"]
[EventDate "2014.12.19"]

1. Nf3 g6 2. c4 Bg7 3. Nc3 e5 4. d4 exd4 5. Nxd4 Ne7 6. g3 O-O 7. Bg2 Nbc6 8.
Nxc6 dxc6 9. Bg5 Qxd1+ 10. Rxd1 Nf5 11. Bd2 Re8 12. O-O Be6 13. b3 Rad8 14. Ne4
Nd4 15. e3 Ne2+ 16. Kh1 Bf5 17. Rfe1 Bxe4 18. Bxe4 Rxe4 19. Rxe2 Bc3 20. Kg2 Re7
21. Kf1 Red7 22. Ke1 f5 23. f3 Kf7 24. h3 Rd3 25. g4 h5 26. gxh5 gxh5 27. h4 c5
28. e4 fxe4 29. fxe4 Ke6 30. Rg2 Rxd2 31. Rdxd2 Rxd2 32. Rxd2 Ke5 33. Ke2 Bxd2
34. Kxd2 Kxe4 35. Ke2 c6 36. Kf2 b5 37. Ke2 bxc4 38. bxc4 Kd4 39. Kf3 Kxc4 40.
Kf4 Kd4 0-1

[Event "3rd Al Ain Chess Classic"]
[Site "Al-Ain UAE"]
[Date "2014.12.20"]
[Round "2.37"]
[White "Derakhshani, Dorsa"]
[Black "Mchedlishvili, Mikheil"]
[Result "0-1"]
[WhiteTitle "WFM"]
[BlackTitle "GM"]
[WhiteElo "2188"]
[BlackElo "2625"]
[WhiteFideId "12500330"]
[BlackFideId "13600966"]
[EventDate "2014.12.19"]

1. e4 c5 2. Nf3 e6 3. d4 cxd4 4. Nxd4 a6 5. Nc3 Nc6 6. Nxc6 bxc6 7. Bd3 Qc7 8.
O-O Nf6 9. Be3 d5 10. Qe2 Be7 11. Rae1 O-O 12. Bg5 Bb7 13. e5 Ne8 14. f4 g6 15.
Nd1 c5 16. c3 Ng7 17. Nf2 h5 18. Qe3 Bxg5 19. fxg5 Rad8 20. Qh3 c4 21. Bc2 d4
22. cxd4 Qb6 23. Be4 Rxd4 24. Kh1 Rd2 25. Qf3 Rxb2 26. Bxb7 Qxb7 27. Ne4 Nf5 28.
Rc1 Kg7 29. Rxc4 Rxa2 30. Nc5 Qxf3 0-1

[Event "3rd Al Ain Chess Classic"]
[Site "Al-Ain UAE"]
[Date "2014.12.20"]
[Round "2.38"]
[White "Kravtsiv, Martyn"]
[Black "Mammadova, Narmin"]
[Result "1-0"]
[WhiteTitle "GM"]
[BlackTitle "WCM"]
[WhiteElo "2576"]
[BlackElo "2092"]
[WhiteFideId "14113147"]
[BlackFideId "13403710"]
[EventDate "2014.12.19"]

1. b3 e5 2. Bb2 Nc6 3. e3 Nf6 4. Bb5 d6 5. Ne2 Be7 6. d4 exd4 7. Nxd4 Bd7 8.
Bxc6 bxc6 9. O-O c5 10. Ne2 Bc6 11. c4 O-O 12. f3 d5 13. Qc2 Qc8 14. Nd2 Rd8 15.
Kh1 Qe6 16. Rae1 Nh5 17. cxd5 Bxd5 18. e4 Bb7 19. Nc4 Qh6 20. g4 Nf4 21. Nxf4
Qxf4 22. Be5 Qh6 23. Bxc7 Rd7 24. Bg3 Rad8 25. Rf2 Bg5 26. Kg2 Bf4 27. Bxf4 Qxf4
28. Qc1 Qc7 29. Qa3 g6 30. Qa5 Qf4 31. Qxc5 f5 32. Qe5 Qg5 33. Kg3 Rd3 34. Qe6+
Kg7 35. exf5 Kh6 36. h4 1-0

[Event "3rd Al Ain Chess Classic"]
[Site "Al-Ain UAE"]
[Date "2014.12.20"]
[Round "2.39"]
[White "Malakhatko, Vadim"]
[Black "Asadli, Vugar"]
[Result "1-0"]
[WhiteTitle "GM"]
[BlackTitle "CM"]
[WhiteElo "2533"]
[BlackElo "2043"]
[WhiteFideId "14104202"]
[BlackFideId "13405764"]
[EventDate "2014.12.19"]

1. d4 g6 2. c4 Bg7 3. Nc3 d6 4. e4 Nc6 5. Nge2 Nf6 6. d5 Ne5 7. Ng3 O-O 8. Be2
c6 9. O-O h5 10. Bg5 Nh7 11. Be3 h4 12. Nh1 f5 13. f4 Nf7 14. exf5 Bxf5 15. Nf2
e6 16. dxe6 Bxe6 17. Bd3 Nh6 18. Bxg6 Bxc4 19. Re1 Nf6 20. f5 Nf7 21. Qd4 Ne5
22. Qxh4 Bf7 23. Bxf7+ Rxf7 24. Rad1 Qd7 25. Nfe4 Nxe4 26. Nxe4 Qxf5 27. Nxd6
Qg6 28. Qg5 Rf6 29. Qxg6 Rxg6 30. Kh1 Rf8 31. h3 b6 32. b3 c5 33. Bg1 Nc6 34.
Nc4 Bd4 35. Rf1 Re8 36. Bxd4 Nxd4 37. Rf2 b5 38. Nb2 Rge6 39. Rdd2 Rc8 40. Kh2
Re3 41. b4 Ne6 42. bxc5 Rxc5 43. Rd6 a5 44. Nd3 Rg5 45. Rc2 b4 46. Nf2 Rc5 47.
Rcd2 a4 48. Ng4 Re1 49. Rb6 Rc4 50. Rd7 Rf4 51. Nh6+ Kh8 52. Rbb7 Nf8 53. Rg7 1-0

[Event "3rd Al Ain Chess Classic"]
[Site "Al-Ain UAE"]
[Date "2014.12.20"]
[Round "2.40"]
[White "Mirzoeva, Elmira"]
[Black "Abdulkarim, Ali"]
[Result "1-0"]
[WhiteTitle "WGM"]
[WhiteElo "2246"]
[BlackElo "1943"]
[WhiteFideId "4127951"]
[BlackFideId "9301640"]
[EventDate "2014.12.19"]

1. Nf3 Nf6 2. g3 g6 3. b3 Bg7 4. Bb2 b6 5. Bg2 Bb7 6. O-O c5 7. c4 O-O 8. d4
cxd4 9. Bxd4 d6 10. Nbd2 Nbd7 11. b4 Qc7 12. Qb3 Ne4 13. Nxe4 Bxe4 14. Bxg7 Kxg7
15. Bh3 Bxf3 16. exf3 Ne5 17. Rac1 a5 18. f4 Nc6 19. a3 axb4 20. axb4 Nd4 21.
Qb2 e5 22. Bg2 Ra4 23. fxe5 dxe5 24. f4 Re8 25. Bd5 f6 26. Rce1 Nf5 27. g4 Nd4
28. fxe5 fxe5 29. Rf7+ Qxf7 30. Bxf7 Nf3+ 31. Kh1 Kxf7 32. Qb3 Nxe1 33. c5+ Kf8
34. Qxa4 bxc5 35. bxc5 Nd3 36. c6 Re7 37. Qa3 1-0

[Event "3rd Al Ain Chess Classic"]
[Site "Al-Ain UAE"]
[Date "2014.12.20"]
[Round "2.41"]
[White "Ahmad, Alzarovni"]
[Black "Baryshpolets, Andrey"]
[Result "0-1"]
[BlackTitle "GM"]
[WhiteElo "1721"]
[BlackElo "2566"]
[WhiteFideId "9302301"]
[BlackFideId "14117207"]
[EventDate "2014.12.19"]

1. d4 d5 2. c4 e6 3. Nc3 Nf6 4. e3 Be7 5. Nf3 O-O 6. Qc2 c5 7. cxd5 exd5 8. dxc5
Bxc5 9. Be2 Nc6 10. a3 Bg4 11. O-O Qe7 12. Rd1 Rfd8 13. b4 Bb6 14. Na4 Rac8 15.
Nxb6 axb6 16. Qa2 d4 17. b5 Bxf3 18. gxf3 Na5 19. exd4 Nd5 20. Re1 Qf6 21. Be3
Qg6+ 22. Kh1 Rc2 23. Qb1 Nc3 0-1

[Event "3rd Al Ain Chess Classic"]
[Site "Al-Ain UAE"]
[Date "2014.12.20"]
[Round "2.42"]
[White "Al-Zaruoni, Fahad"]
[Black "Hojjatova, Aydan"]
[Result "0-1"]
[WhiteTitle "CM"]
[BlackTitle "WCM"]
[WhiteElo "1654"]
[BlackElo "2217"]
[WhiteFideId "9300660"]
[BlackFideId "13401491"]
[EventDate "2014.12.19"]

1. c4 e5 2. g3 Nf6 3. Bg2 d5 4. cxd5 Nxd5 5. Nc3 Nb6 6. d3 Be7 7. Nf3 Nc6 8. O-O
O-O 9. a3 Be6 10. Ne4 f6 11. Be3 Nd4 12. Nxd4 exd4 13. Bc1 Bd5 14. b4 a5 15. b5
f5 16. Nd2 Bxg2 17. Kxg2 Qd5+ 18. Nf3 a4 19. Bb2 Bf6 20. Qd2 Qxb5 21. Bxd4 Bxd4
22. Nxd4 Qd5+ 23. Nf3 Rfe8 24. Rfe1 Nd7 25. Kg1 Nc5 26. Qc3 Ra6 27. Rac1 Nb3 28.
Rb1 Rc6 29. Qb4 b5 30. Nd2 Nd4 31. e4 fxe4 32. dxe4 Qd7 33. Red1 Ne2+ 34. Kg2
Nc3 35. Nf3 Nxd1 0-1

[Event "3rd Al Ain Chess Classic"]
[Site "Al-Ain UAE"]
[Date "2014.12.20"]
[Round "2.43"]
[White "Andrenko, Irina"]
[Black "Abdulla, Ali"]
[Result "1-0"]
[WhiteTitle "WIM"]
[WhiteElo "2202"]
[BlackElo "1747"]
[WhiteFideId "14118270"]
[BlackFideId "9302336"]
[EventDate "2014.12.19"]

1. e4 e6 2. d4 d5 3. Nc3 dxe4 4. Nxe4 Nd7 5. Nf3 Ngf6 6. Bg5 Be7 7. Nxf6+ Nxf6
8. Bd3 O-O 9. Qe2 c5 10. dxc5 Qa5+ 11. c3 Qxc5 12. O-O Rd8 13. Rad1 h6 14. Be3
Qh5 15. Bd4 b6 16. Bxf6 Bxf6 17. Be4 Rb8 18. Rxd8+ Bxd8 19. Rd1 Bf6 20. Qd3 Bb7
21. Qd6 Bxe4 22. Qxb8+ Kh7 23. Qf4 Qg6 24. Re1 Bb7 25. a3 e5 26. Qg3 Qf5 27.
Nxe5 Bxe5 28. Qxe5 1-0

[Event "3rd Al Ain Chess Classic"]
[Site "Al-Ain UAE"]
[Date "2014.12.20"]
[Round "2.44"]
[White "Talibov, Uzeyir"]
[Black "Berezina, Irina"]
[Result "0-1"]
[BlackTitle "IM"]
[WhiteElo "1577"]
[BlackElo "2200"]
[WhiteFideId "13414011"]
[BlackFideId "3201937"]
[EventDate "2014.12.19"]

1. d4 Nf6 2. c4 g6 3. Nc3 Bg7 4. e4 d6 5. Be2 O-O 6. Bg5 c5 7. d5 Qb6 8. Qd2 h6
9. Bh4 Kh7 10. Nf3 e5 11. h3 Nh5 12. O-O Nf4 13. Bg3 Nxe2+ 14. Qxe2 f5 15. Rab1
Qd8 16. Nd2 f4 17. Bh2 Nd7 18. Nb5 Nf6 19. Nc3 g5 20. f3 h5 21. a3 g4 22. fxg4
hxg4 23. hxg4 Nxg4 24. Nf3 Bf6 25. Nd1 Rg8 26. Kh1 Rg6 27. Nf2 b6 28. Nxg4 Bxg4
29. Qf2 Qe7 30. Rbc1 Kg7 31. b3 Rh8 32. Kg1 Bh3 33. Kh1 Bxg2+ 34. Kg1 Bxf3+ 0-1

[Event "3rd Al Ain Chess Classic"]
[Site "Al-Ain UAE"]
[Date "2014.12.20"]
[Round "2.45"]
[White "Amini, Hossein Ali"]
[Black "Soozankar, A.M."]
[Result "0-1"]
[BlackTitle "FM"]
[WhiteElo "1521"]
[BlackElo "2183"]
[WhiteFideId "11201584"]
[BlackFideId "12503029"]
[EventDate "2014.12.19"]

1. e4 e6 2. d4 d5 3. Nc3 Bb4 4. e5 c5 5. a3 Bxc3+ 6. bxc3 Ne7 7. Bd3 Bd7 8. Nf3
c4 9. Be2 Ba4 10. Rb1 b6 11. Bg5 Nbc6 12. h4 Kd7 13. h5 h6 14. Bh4 Qg8 15. Bxe7
Kxe7 16. Qd2 Qh7 17. Bd1 Raf8 18. Nh4 g5 19. hxg6 fxg6 20. Nf3 Qg7 21. Nh2 g5
22. Ng4 Nb8 23. Nf6 Nd7 24. Nh5 Qg6 25. f3 Rf7 26. Rb4 Bc6 27. Qe3 Rhf8 28. g4
Rb8 29. Kd2 Kd8 30. Rb1 Kc7 31. Be2 Ba4 32. Bd1 Qg8 33. Ng3 Qf8 34. Rb4 Bc6 35.
Be2 Rh7 36. Ra1 Qe7 37. Rbb1 Nf8 38. Nh5 Ng6 39. Rb2 Rf8 40. Nf6 Rhh8 41. Nh5
Be8 42. Rbb1 Nf4 43. Nxf4 Rxf4 44. Rh1 h5 45. Qg1 Bg6 46. a4 Rh7 47. gxh5 Rxh5
48. Rxh5 Bxh5 49. Qg2 g4 50. Rf1 Qg5 51. Ke1 Rf7 52. fxg4 Qc1+ 53. Bd1 Qe3+ 54.
Qe2 Qxc3+ 55. Qd2 Rxf1+ 0-1

[Event "3rd Al Ain Chess Classic"]
[Site "Al-Ain UAE"]
[Date "2014.12.20"]
[Round "2.46"]
[White "Nandhidhaa, PV"]
[Black "Ali, Abdulaziz"]
[Result "1-0"]
[WhiteElo "2177"]
[BlackElo "1718"]
[WhiteFideId "5050847"]
[BlackFideId "9304347"]
[EventDate "2014.12.19"]

1. e4 e5 2. Nf3 Nc6 3. Nc3 Nf6 4. Bb5 a6 5. Bxc6 dxc6 6. Nxe5 Bc5 7. O-O O-O 8.
d3 Re8 9. Nf3 Bg4 10. h3 Bh5 11. Re1 Nd7 12. Be3 Bxe3 13. Rxe3 Ne5 14. g4 Nxf3+
15. Qxf3 Bg6 16. Qg3 f6 17. Rae1 h5 18. e5 f5 19. g5 Qd4 20. Ne2 Qxb2 21. Nf4
Kh7 22. Qh4 Rh8 23. Nxh5 Kg8 24. Qc4+ Bf7 25. e6 Bxh5 26. e7+ Kh7 27. g6+ Kxg6
28. e8=Q+ Raxe8 29. Rxe8 Rxe8 30. Rxe8 Qc1+ 31. Kh2 Qd2 32. Re6+ Kh7 33. Qh4 g6
34. Kg3 Kh6 35. Re7 Qd1 36. Qf4+ g5 37. Re6+ Bg6 38. Qxf5 Qg1+ 39. Kf3 Qd1+ 40.
Kg2 Qh5 41. Qf8+ 1-0

[Event "3rd Al Ain Chess Classic"]
[Site "Al-Ain UAE"]
[Date "2014.12.20"]
[Round "2.47"]
[White "Jasmeher, Singh Kathuria"]
[Black "Feldman, Vladimir"]
[Result "0-1"]
[BlackTitle "IM"]
[WhiteElo "1500"]
[BlackElo "2168"]
[WhiteFideId "25092120"]
[BlackFideId "3201791"]
[EventDate "2014.12.19"]

1. e4 c5 2. d4 cxd4 3. c3 g6 4. cxd4 d5 5. Nf3 dxe4 6. Ng5 Bg7 7. Bc4 Nh6 8. Qb3
O-O 9. O-O Nc6 10. Be3 Na5 11. Qc3 Nf5 12. Qc1 Nxd4 13. Nd2 Bf5 14. Qd1 h6 15.
Re1 0-1

[Event "3rd Al Ain Chess Classic"]
[Site "Al-Ain UAE"]
[Date "2014.12.20"]
[Round "2.48"]
[White "Huseynov, Shahin"]
[Black "Atakishiyev, Elmar"]
[Result "1-0"]
[WhiteElo "2162"]
[BlackElo "1648"]
[WhiteFideId "13401106"]
[BlackFideId "13410547"]
[EventDate "2014.12.19"]

1. c4 e5 2. Nc3 d6 3. Nf3 f5 4. d4 e4 5. Ng5 g6 6. Qa4+ c6 7. h4 h6 8. Nh3 Bg7
9. Be3 Ne7 10. d5 O-O 11. dxc6 bxc6 12. Rd1 Qc7 13. Nf4 Bd7 14. g3 Kh7 15. Bg2
d5 16. Qa3 Re8 17. cxd5 cxd5 18. Nfxd5 Nxd5 19. Nxd5 Qb7 20. Bd4 Nc6 21. Bxg7
Kxg7 22. Qc3+ Ne5 23. Nc7 Bc8 1-0

[Event "3rd Al Ain Chess Classic"]
[Site "Al-Ain UAE"]
[Date "2014.12.20"]
[Round "2.49"]
[White "Ammar, Sedrani"]
[Black "Khalafova, Narmin"]
[Result "0-1"]
[BlackTitle "WFM"]
[WhiteElo "1485"]
[BlackElo "2161"]
[WhiteFideId "9312331"]
[BlackFideId "13402625"]
[EventDate "2014.12.19"]

1. d4 Nf6 2. Nf3 g6 3. c4 Bg7 4. Nc3 O-O 5. e4 d6 6. g3 Bg4 7. Bg2 Nc6 8. O-O
Nd7 9. Be3 a6 10. Qd2 Bxf3 11. Bxf3 e5 12. d5 Nd4 13. Bxd4 exd4 14. Ne2 Qf6 15.
Bg2 c5 16. dxc6 bxc6 17. Rfd1 c5 18. e5 Nxe5 19. Bxa8 Rxa8 20. Qa5 Nxc4 21. Qc7
Nxb2 22. Qb7 Re8 23. Qxb2 d3 24. Qxf6 Bxf6 25. Nc3 Bxc3 26. Rac1 d2 27. Rb1 Re1+
28. Kg2 c4 29. a3 Rxd1 30. Rxd1 Ba5 31. Kf1 c3 32. Ke2 c2 0-1

[Event "3rd Al Ain Chess Classic"]
[Site "Al-Ain UAE"]
[Date "2014.12.20"]
[Round "2.50"]
[White "Al- Meghbali, Ahmed"]
[Black "Vaishali, R"]
[Result "0-1"]
[BlackTitle "WFM"]
[WhiteElo "1448"]
[BlackElo "2134"]
[WhiteFideId "9306943"]
[BlackFideId "5091756"]
[EventDate "2014.12.19"]

1. d4 Nf6 2. c4 c5 3. d5 b5 4. Nc3 b4 5. Nb1 e6 6. Bg5 h6 7. Bh4 g5 8. Bg3 exd5
9. cxd5 Bb7 10. Be5 Bg7 11. e4 Qe7 12. Bxf6 Qxe4+ 13. Ne2 Bxf6 14. Nd2 Qxd5 15.
Qc2 O-O 16. Nb3 c4 17. Rd1 cxb3 18. axb3 Qe4 0-1

[Event "3rd Al Ain Chess Classic"]
[Site "Al-Ain UAE"]
[Date "2014.12.20"]
[Round "2.51"]
[White "Sameir, Ramez"]
[Black "Ahmed Mohamed Qayed"]
[Result "1-0"]
[WhiteElo "2128"]
[BlackElo "1551"]
[WhiteFideId "10606017"]
[BlackFideId "9314261"]
[EventDate "2014.12.19"]

1. e4 e5 2. Nf3 Nc6 3. Nc3 Nf6 4. d4 exd4 5. Nxd4 Bb4 6. Nxc6 bxc6 7. Bd3 d5 8.
exd5 Qe7+ 9. Qe2 Qxe2+ 10. Kxe2 cxd5 11. Nb5 Ba5 12. Bf4 Kd7 13. Rhd1 Ba6 14. b4
Bb6 15. h3 c6 16. Nc3 Bxd3+ 17. Rxd3 Rhe8+ 18. Kf1 Ne4 19. Nd1 Re6 20. f3 Nf6
21. c4 Rae8 22. Nc3 Bc7 23. cxd5 cxd5 24. Nxd5 Nxd5 25. Rxd5+ Kc6 26. Rc5+ Kb7
27. Rxc7+ Kb6 28. Rac1 Re2 29. a4 R2e6 30. Bg3 R8e7 31. Bf2+ 1-0